000 00759cam a2200241 i 4500
001 1759717
005 20240201021811.0
008 750818s1956 ii af b 001 0 eng
020 _a8120803256
040 _aDLC
_cDLC
_dDLC
082 0 0 _a305.8
_222
100 1 _aAltekar, A. S.
245 1 4 _aThe position of women in Hindu civilization, from prehistoric times to the present day /
_cA. S. Altekar.
250 _a2d ed.
260 _aDelhi :
_bMotilal Banarsidass,
_c1959.
300 _axii, 380, p.,
500 _a1st ed., 1938, published by Culture Publications House, Benaras Hindu University, Benaras.
500 _aIncludes quotations in Sanskrit.
500 _aIncludes index.
650 0 _aWomen
650 0 _aHindu civilization.
942 _cL
999 _c256
_d256